Spices and condiments / (Record no. 180148)
[ view plain ]
| 000 -LEADER | |
|---|---|
| fixed length control field | 00653nam a22002057a 4500 |
| 005 - DATE AND TIME OF LATEST TRANSACTION | |
| control field | 20210726170755.0 |
| 010 ## - LCCN (DPL NO) | |
| LC control number | B-740644 |
| 020 ## - INTERNATIONAL STANDARD BOOK NUMBER | |
| International Standard Book Number | 8123722435 |
| Terms of availability | 70.00 |
| 035 ## - SYSTEM CONTROL NUMBER | |
| System control number | B-740644 |
| 037 ## - SOURCE OF ACQUISITION | |
| Source of stock number/acquisition | Gift |
| 082 04 - DEWEY DECIMAL CLASSIFICATION NUMBER | |
| Classification number | 664.5 |
| 100 ## - MAIN ENTRY--PERSONAL NAME | |
| Personal name | Pruthi, J. S. |
| 245 ## - TITLE STATEMENT | |
| Title | Spices and condiments / |
| Statement of responsibility, etc | by J. S. Pruthi |
| 260 ## - PUBLICATION, DISTRIBUTION, ETC. (IMPRINT) | |
| Place of publication, distribution, etc | New Delhi |
| Name of publisher, distributor, etc | National Book Trust |
| Date of publication, distribution, etc | 2006 |
| 270 ## - ADDRESS | |
| Address | A-5, Green Park |
| City | New Delhi |
| Postal code | 110016 |
| 300 ## - PHYSICAL DESCRIPTION | |
| Extent | xviii, 322p.: |
| Other physical details | ill. |
| Dimensions | 21cm(pbk) |
| 500 ## - GENERAL NOTE | |
| General note | includes bibliographical references and index |
| 942 ## - ADDED ENTRY ELEMENTS (KOHA) | |
| Source of classification or shelving scheme | Dewey Decimal Classification |
| Item type | English Books |
| Classification part | 664.5 |
| Call number suffix | PRU |
| Withdrawn status | Lost status | Not for loan | Collection code | Home library | Current library | Date acquired | Source of acquisition | Cost, normal purchase price | Full call number | Barcode | Copy number | Cost, replacement price | Koha item type | Public note |
|---|---|---|---|---|---|---|---|---|---|---|---|---|---|---|
| Non-fiction | Central Library | Central Library | 26/07/2021 | Gift/Eng/07-07-2021 | 70.00 | 664.5 PRU | B-740644 | 1 | 70.00 | English Books | Gift |
